[Event "FIDE World Rapid Team"]
[Site "London ENG"]
[Date "2025.06.13"]
[Round "12.6"]
[White "Torres, Lucas"]
[Black "Lapushnian, Eran"]
[Result "1-0"]
[WhiteElo "2031"]
[BlackElo "1916"]
[EventDate "2025.06.11"]
[Board "6"]

1. e4 c5 2. d4 cxd4 3. Qxd4 Nc6 4. Qd3 Nf6 5. Nc3 e6 6. Bf4 Bb4 7. Ne2 d5
8. O-O-O Nxe4 9. Nxe4 dxe4 10. Qxe4 Qa5 11. Kb1 O-O 12. Nc1 Qf5 13. Qxf5
exf5 14. Bd3 Be6 15. Nb3 Rad8 16. c3 Be7 17. Bc2 b6 18. Rhe1 Bf6 19. Nd2 g5
20. Be3 Kg7 21. f4 g4 22. Nf1 Kg6 23. Ng3 h5 24. Ne2 Bd5 25. Ng3 Ne7 26.
Bd4 Be6 27. Bxf6 Kxf6 28. Nxh5+ Kg6 29. Ng3 Rxd1+ 30. Rxd1 Nd5 31. Nxf5
Bxf5 32. Rxd5 Bxc2+ 33. Kxc2 Rh8 34. Rg5+ Kf6 35. Rxg4 Rxh2 36. Rg5 Rh4 37.
g3 Rh2+ 38. Kb3 a6 39. a4 Rf2 40. a5 b5 41. Ka3 Rf3 42. Kb4 Rf2 43. b3 Ra2
44. c4 bxc4 45. bxc4 Ke6 46. Rh5 Kd7 47. Rh6 Rb2+ 48. Kc5 Rg2 49. Rxa6 Rxg3
50. Rf6 Ke7 51. Rf5 Ra3 52. Kb6 Rb3+ 53. Kc7 Rc3 54. Re5+ Kf6 55. Rc5 Ra3
56. Kb7 Rb3+ 57. Rb5 Rc3 58. c5 Ke7 59. a6 1-0

[Event "FIDE World Rapid Team"]
[Site "London ENG"]
[Date "2025.06.13"]
[Round "12.7"]
[White "Chinguun, Sumiya"]
[Black "Mamedyarov, Shakhriyar"]
[Result "0-1"]
[WhiteElo "2271"]
[BlackElo "2701"]
[EventDate "2025.06.11"]
[Board "1"]

1. e4 e5 2. Nf3 Nc6 3. Bc4 Bc5 4. c3 Nf6 5. d3 O-O 6. O-O d5 7. exd5 Nxd5
8. Re1 Bg4 9. h3 Bh5 10. Nbd2 Nb6 11. b4 Bd6 12. Bb3 a5 13. b5 Ne7 14. Ne4
a4 15. Bc2 f6 16. c4 Bb4 17. Rf1 Nd7 18. a3 Bc5 19. Ng3 Bg6 20. Bxa4 Bb6
21. Bc2 Nc5 22. Ne1 Qd7 23. Be3 Ne6 24. Nf3 Rfd8 25. Ne4 Nf5 26. Qe1 Nxe3
27. fxe3 Qe7 28. a4 Bxe4 29. dxe4 Qc5 30. a5 Qxe3+ 31. Qxe3 Bxe3+ 32. Kh1
Ra7 33. Ra3 Bc5 34. Ra4 Rda8 35. Rfa1 Kf8 36. R1a2 Ke7 37. Ne1 Rd8 38. Nd3
Rd4 39. a6 Rxe4 40. axb7 Rxb7 41. Ra6 Bd6 42. Rc6 Rb6 43. Rxb6 cxb6 44.
Ra7+ Kd8 45. c5 Nxc5 46. Nxc5 Re1+ 47. Kh2 e4+ 48. g3 Bxc5 49. Bb3 e3 50.
Bc4 e2 51. Bxe2 Rxe2+ 52. Kh1 Re7 53. Ra8+ Kd7 54. Kg2 Kd6 55. Kf3 Kd5 56.
Ra4 Bd4 0-1

[Event "FIDE World Rapid Team"]
[Site "London ENG"]
[Date "2025.06.13"]
[Round "12.7"]
[White "Gurel, Ediz"]
[Black "Reimanis, Ritvars"]
[Result "1-0"]
[WhiteElo "2452"]
[BlackElo "2331"]
[EventDate "2025.06.11"]
[Board "2"]

1. Nf3 Nf6 2. b3 g6 3. Bb2 Bg7 4. e3 c5 5. Be2 O-O 6. O-O Nc6 7. d4 cxd4 8.
Nxd4 d5 9. Nd2 Re8 10. Nxc6 bxc6 11. c4 Qd6 12. Rc1 Bf5 13. cxd5 cxd5 14.
Nf3 Rec8 15. h3 Rxc1 16. Qxc1 Rc8 17. Qa1 Rc2 18. Nd4 Rc8 19. Rc1 Bf8 20.
Rxc8 Bxc8 21. Nb5 Qa6 22. a4 Bd7 23. Qc1 Bxb5 24. Bxb5 Qb7 25. Bd4 Qb8 26.
Qc6 e5 27. Bb2 Bd6 28. g4 h6 29. Kg2 g5 30. a5 Qc7 31. Qxc7 Bxc7 32. Bc3
Ne4 33. Be1 d4 34. exd4 exd4 35. Bb4 Nc3 36. Bc4 Na2 37. Bc5 Bxa5 38. Bxa7
Bc3 39. Kf3 Nc1 40. b4 d3 41. b5 d2 42. Be2 Nb3 43. Ke4 Bb4 44. Be3 Kf8 45.
Bd1 Nc5+ 46. Kd4 Nb7 47. Kd5 Ke7 48. b6 Kd8 49. Bd4 Ke7 50. Kc6 Nd8+ 51.
Kb5 Bd6 52. Be3 Bf4 53. Bxf4 gxf4 54. h4 f6 55. Kc5 Ke6 56. Kd4 Kd6 57. Ke4
Ne6 58. Kf5 f3 59. Kxf6 Nc5 60. g5 hxg5 61. hxg5 Ne4+ 62. Kf5 Nxf2 63. Bxf3
d1=Q 64. Bxd1 Nxd1 65. b7 Kc7 66. Kf4 Nf2 67. g6 Nd3+ 68. Kf5 Nb4 69. b8=Q+
1-0

[Event "FIDE World Rapid Team"]
[Site "London ENG"]
[Date "2025.06.13"]
[Round "12.7"]
[White "Itgelt, Khuyagtsogt"]
[Black "Erdogmus, Yagiz Kaan"]
[Result "1/2-1/2"]
[WhiteElo "2216"]
[BlackElo "2384"]
[EventDate "2025.06.11"]
[Board "3"]

1. d4 Nf6 2. c4 b6 3. Nc3 Bb7 4. Qc2 Nc6 5. Nf3 Nb4 6. Qb3 e6 7. a3 Bxf3 8.
gxf3 Nc6 9. e3 g6 10. f4 Bg7 11. Bd2 O-O 12. Bg2 Rb8 13. Ne2 Ne7 14. Ng3 h5
15. Bc3 d5 16. h3 c5 17. O-O Qd7 18. Rfd1 b5 19. cxd5 c4 20. dxe6 Qxe6 21.
Qc2 Nfd5 22. f5 gxf5 23. Nxh5 Bh6 24. Kh1 Kh8 25. e4 fxe4 26. Qxe4 Rb6 27.
Qe5+ Qxe5 28. dxe5 Nxc3 29. bxc3 Ng6 30. Rd5 Re8 31. Nf6 Rxe5 32. Rd8+ Kg7
33. Nd7 Rd6 34. Nxe5 Rxd8 35. Nxg6 fxg6 36. Bc6 a6 37. a4 b4 38. cxb4 Rd2
39. Rc1 Rd4 40. Rc2 Bd2 1/2-1/2

[Event "FIDE World Rapid Team"]
[Site "London ENG"]
[Date "2025.06.13"]
[Round "12.7"]
[White "Mamedjarova, Turkan"]
[Black "Nomin-Erdene, Davaademberel"]
[Result "1-0"]
[WhiteElo "2161"]
[BlackElo "2239"]
[EventDate "2025.06.11"]
[Board "4"]

1. e4 c6 2. d4 d5 3. exd5 cxd5 4. Nf3 g6 5. Be2 Bg7 6. O-O Nf6 7. Ne5 Nbd7
8. Bf3 O-O 9. Nc3 e6 10. Bf4 Ne8 11. Re1 Qb6 12. Qd2 Nxe5 13. dxe5 Qxb2 14.
Rab1 Qa3 15. Nb5 Qe7 16. h4 f6 17. exf6 Qxf6 18. Bg5 Qf7 19. Rb4 a6 20. Rf4
Qd7 21. Rxf8+ Kxf8 22. Nc3 Nd6 23. Qf4+ Nf7 24. Na4 e5 25. Qb4+ Kg8 26. Nb6
Qf5 27. Nxa8 e4 28. Bxe4 dxe4 29. Qxe4 Nd6 30. Qe7 Bf8 31. Qd8 Ne4 32. Rxe4
Qxe4 33. Qxc8 Qe1+ 34. Kh2 Qe5+ 35. f4 Qe1 36. Qc4+ Kg7 37. Qd4+ Kg8 38.
Qd5+ Kg7 39. Qxb7+ Kg8 40. Qd5+ Kg7 41. Nc7 h6 42. Ne6+ Kh8 43. Bf6+ 1-0

[Event "FIDE World Rapid Team"]
[Site "London ENG"]
[Date "2025.06.13"]
[Round "12.7"]
[White "Ulziikhishig, Khishigbat"]
[Black "Kuru, Atilla"]
[Result "0-1"]
[WhiteElo "2027"]
[BlackElo "1972"]
[EventDate "2025.06.11"]
[Board "5"]

1. d4 Nf6 2. c4 e6 3. Nc3 d5 4. Bg5 Be7 5. e3 h6 6. Bh4 Nbd7 7. Nf3 O-O 8.
Bd3 dxc4 9. Bxc4 a6 10. a4 c5 11. O-O cxd4 12. Nxd4 Ne5 13. Bb3 Bd7 14. Qe2
Qa5 15. Bg3 Nc6 16. Nf3 Rac8 17. Rfd1 Rfd8 18. h3 Bb4 19. Na2 Ne4 20. Bh2
Be7 21. Bc2 Nc5 22. Bg3 Qb6 23. Nc3 Nb3 24. Rab1 Be8 25. Kh2 Nba5 26. Nd2
Nb4 27. Be4 Bd6 28. Bxd6 Qxd6+ 29. g3 Qc5 30. Bg2 f5 31. Rbc1 Nd3 32. Rb1
Nxb2 33. Rxb2 Qxc3 34. Nb1 Qc7 35. Rxd8 Rxd8 36. Rb4 Kh7 37. Qb2 Rd7 38.
Nc3 Bf7 39. Ne2 e5 40. Qb1 g6 41. Rb6 Bc4 42. Nc3 e4 43. Qb4 Nb3 44. a5 Bf7
45. Ne2 Nd2 46. Nd4 Nc4 47. Rf6 Kg7 48. Ne6+ Bxe6 49. Rxe6 Kf7 50. Bf1 Nd2
51. Rb6 Nxf1+ 52. Kg1 Nxe3 53. Qb2 Nd5 54. Rb3 e3 55. f4 Re7 56. Qh8 Qc1+
57. Kg2 Qc2+ 58. Kh1 Qxb3 59. Qh7+ Ke8 60. Qxg6+ Kd7 61. Qxf5+ Kc7 0-1

[Event "FIDE World Rapid Team"]
[Site "London ENG"]
[Date "2025.06.13"]
[Round "12.7"]
[White "Yontar, Sabrican Onay"]
[Black "Araya Fuentes, Cristian"]
[Result "1-0"]
[WhiteElo "1870"]
[BlackElo "1945"]
[EventDate "2025.06.11"]
[Board "6"]

1. e4 c6 2. d4 d5 3. e5 c5 4. dxc5 Nc6 5. Nf3 Bg4 6. Bb5 e6 7. c4 Bxf3 8.
Qxf3 Bxc5 9. cxd5 Qxd5 10. Qxd5 exd5 11. Nc3 O-O-O 12. Bxc6 bxc6 13. O-O
Bd4 14. Bg5 Re8 15. Rac1 Kd7 16. Rfd1 Bxc3 17. Rxc3 Rxe5 18. Be3 f6 19. Ra3
Ne7 20. Rxa7+ Ke6 21. Bd4 Rb8 22. Bxe5 fxe5 23. b3 Rb4 24. Rc1 Rd4 25. Kf1
Rd2 26. g4 h6 27. a4 Rb2 28. Rb7 d4 29. a5 d3 30. a6 Ra2 31. a7 Kd6 32. Rd1
e4 33. Re1 d2 34. Rd1 e3 35. fxe3 Nd5 36. Rxd2 1-0

[Event "FIDE World Rapid Team"]
[Site "London ENG"]
[Date "2025.06.13"]
[Round "12.8"]
[White "Martinez Alcantara, Jose Eduardo"]
[Black "Rapport, Richard"]
[Result "0-1"]
[WhiteElo "2665"]
[BlackElo "2709"]
[EventDate "2025.06.11"]
[Board "1"]

1. e4 c5 2. c3 Nf6 3. e5 Nd5 4. Bc4 Nb6 5. Bb3 c4 6. Bc2 d5 7. exd6 Qxd6 8.
Qe2 N8d7 9. b3 Qe5 10. Na3 cxb3 11. axb3 a6 12. d4 Qxe2+ 13. Nxe2 e5 14.
O-O Be7 15. Nc4 exd4 16. cxd4 Nd5 17. Nf4 N7f6 18. Re1 Nxf4 19. Nb6 N4d5
20. Nxa8 Be6 21. Bd3 O-O 22. f4 Rxa8 23. f5 Bb4 24. Re2 Bd7 25. Bd2 Bxd2
26. Rxd2 Nb4 27. Bc4 Bxf5 28. d5 Ne4 29. Re2 Nd6 30. Re7 Rc8 31. Rf1 Kf8
32. Re3 Bd7 33. Ref3 a5 34. Rf4 f6 35. g4 Re8 0-1

[Event "FIDE World Rapid Team"]
[Site "London ENG"]
[Date "2025.06.13"]
[Round "12.8"]
[White "Grischuk, Alexander"]
[Black "Jumabayev, Rinat"]
[Result "1/2-1/2"]
[WhiteElo "2696"]
[BlackElo "2524"]
[EventDate "2025.06.11"]
[Board "2"]

1. e4 e5 2. Nf3 Nc6 3. Bb5 a6 4. Ba4 Nf6 5. O-O d6 6. Bxc6+ bxc6 7. Re1 Bg4
8. h3 Bh5 9. d3 Be7 10. Nbd2 Nd7 11. Nf1 O-O 12. g4 Bg6 13. Ng3 h6 14. Nf5
Bg5 15. Bxg5 hxg5 16. Qd2 f6 17. h4 gxh4 18. N3xh4 Bh7 19. f3 Nc5 20. Kf2
Ne6 21. Rh1 Kf7 22. Qc3 c5 23. Qc4 Qd7 24. Ng2 Rh8 25. Rh4 Bg6 26. Rxh8
Rxh8 27. Qxa6 Bxf5 28. gxf5 Ng5 29. Rf1 Rh3 30. Qc4+ Kf8 31. f4 Nf3 32. Qe6
Qa4 33. Qc8+ Kf7 34. Qe6+ Kf8 35. Qb3 Qd4+ 36. Ke2 Rg3 37. Qb8+ Kf7 38.
Qxc7+ Kf8 39. Qd8+ Kf7 40. Qd7+ Kf8 41. Qc8+ Kf7 42. Qb7+ Kf8 43. Qb8+ Kf7
44. Qb3+ c4 45. Qb7+ Kf8 46. Qc8+ Kf7 47. Qd7+ Kf8 48. Qd8+ Kf7 49. Qc7+
Kf8 50. Qb8+ Kf7 51. Qc7+ Kf8 52. Qc8+ Kf7 53. Qc7+ Kf8 54. Qc8+ 1/2-1/2

[Event "FIDE World Rapid Team"]
[Site "London ENG"]
[Date "2025.06.13"]
[Round "12.8"]
[White "Tin, Jingyao"]
[Black "Esipenko, Andrey"]
[Result "1/2-1/2"]
[WhiteElo "2485"]
[BlackElo "2651"]
[EventDate "2025.06.11"]
[Board "3"]

1. Nf3 d5 2. g3 Nf6 3. Bg2 e6 4. O-O Be7 5. b3 O-O 6. Bb2 b6 7. c4 Bb7 8.
d4 c5 9. Nbd2 Na6 10. Rc1 Rc8 11. a3 dxc4 12. Nxc4 b5 13. Nce5 Qb6 14. dxc5
Nxc5 15. b4 Nce4 16. Qd4 Qa6 17. h3 Bd5 18. Qe3 Qb7 19. Rxc8 Rxc8 20. Rc1
Rxc1+ 21. Qxc1 Nd6 22. Ne1 Bxg2 23. Nxg2 Qe4 24. Nc6 Bf8 25. Bxf6 gxf6 26.
Nxa7 Qxe2 27. Nf4 Qf3 28. Qe3 Qxe3 29. fxe3 f5 30. Kf1 Bg7 31. Ke2 Kf8 32.
Kd3 Ke7 33. Ne2 Kd7 34. Nd4 Bxd4 35. Kxd4 Kc7 36. Kc5 Ne4+ 37. Kxb5 Kb7 38.
Nc6 Nd6+ 39. Kc5 Ne4+ 40. Kb5 Nd6+ 41. Kc5 Ne4+ 1/2-1/2

[Event "FIDE World Rapid Team"]
[Site "London ENG"]
[Date "2025.06.13"]
[Round "12.8"]
[White "Sadvakasov, Darmen"]
[Black "Siddharth, Jagadeesh"]
[Result "0-1"]
[WhiteElo "2587"]
[BlackElo "2408"]
[EventDate "2025.06.11"]
[Board "4"]

1. e4 d6 2. d4 Nf6 3. Nc3 e5 4. Nf3 Nbd7 5. Bc4 Be7 6. O-O O-O 7. a4 c6 8.
Qe2 exd4 9. Nxd4 Re8 10. Bd3 Nc5 11. Be3 Ng4 12. Bf4 Qb6 13. Nf5 Bxf5 14.
exf5 Qxb2 15. Qxg4 Qxc3 16. Qg3 Nxd3 17. cxd3 Qf6 18. Rab1 b6 19. Rfe1 Bf8
20. Rec1 c5 21. Qh3 Re2 22. Be3 Re8 23. a5 Rb2 24. axb6 axb6 25. g4 Rxb1
26. Rxb1 d5 27. Qf3 Qc6 28. Kg2 Rc8 29. h4 b5 30. g5 b4 31. Bd2 c4 32. Bxb4
Rb8 33. Bxf8 Rxb1 34. Be7 c3 35. d4 c2 36. Ba3 c1=Q 0-1

[Event "FIDE World Rapid Team"]
[Site "London ENG"]
[Date "2025.06.13"]
[Round "12.8"]
[White "Gong, Qianyun"]
[Black "Kaliakhmet, Elnaz"]
[Result "0-1"]
[WhiteElo "2220"]
[BlackElo "2238"]
[EventDate "2025.06.11"]
[Board "5"]

1. e4 e5 2. Nf3 Nc6 3. Bc4 Nf6 4. d3 Be7 5. Nc3 d6 6. a3 O-O 7. h3 Be6 8.
Nd5 a5 9. O-O a4 10. Ba2 Bd7 11. Ne3 h6 12. Re1 Re8 13. c3 Bf8 14. Nh4 Be6
15. Nef5 Bxa2 16. Rxa2 Kh7 17. Qf3 g6 18. Ne3 Bg7 19. g3 Qd7 20. Kh2 Na5
21. Ra1 c6 22. Bd2 d5 23. Rad1 Nb3 24. Nf1 Nxd2 25. Rxd2 Rad8 26. Qd1 b5
27. Qc2 h5 28. Rdd1 Qc7 29. Ne3 Rd7 30. c4 bxc4 31. dxc4 d4 32. Neg2 Qa7
33. Rd3 Rb7 34. Re2 Reb8 35. Qc1 Bh6 36. f4 Nd7 37. Rf3 exf4 38. Nxf4 Ne5
39. Rff2 Nd3 40. Qf1 Nxf2 41. Rxf2 Rxb2 42. Ne2 Kg8 43. Rf3 R8b3 44. Ng2 d3
45. Nef4 d2 46. Rd3 Rb1 47. Rd8+ Kh7 48. Qe2 Qg1# 0-1

[Event "FIDE World Rapid Team"]
[Site "London ENG"]
[Date "2025.06.13"]
[Round "12.8"]
[White "Aiten, Islam"]
[Black "Zhang, Changjie"]
[Result "1-0"]
[WhiteElo "2037"]
[BlackElo "1676"]
[EventDate "2025.06.11"]
[Board "6"]

1. d4 Nf6 2. Nc3 e6 3. e4 d5 4. Bg5 Be7 5. e5 Nfd7 6. h4 Bxg5 7. hxg5 Qxg5
8. Nh3 Qe7 9. Qg4 Rg8 10. O-O-O Nc6 11. Nb5 Kd8 12. Nf4 a6 13. Nc3 h6 14.
Rxh6 b6 15. Rh7 Qf8 16. Be2 Bb7 17. Bf3 Kc8 18. Qh3 Kb8 19. Nfxd5 exd5 20.
Qxd7 Ka7 21. Qxc7 Rc8 22. Qd7 Rd8 23. Qh3 Qb4 24. a3 Qc4 25. Be2 Qxd4 26.
Rxd4 Nxd4 27. Bd3 Rde8 28. Qe3 Nc6 29. Na4 d4 30. Qg3 Rxe5 31. b4 Rge8 32.
Rxg7 Re1+ 33. Kb2 Rd1 34. Qc7 Ree1 35. Qxb6+ Ka8 36. Rg8+ Nb8 37. Qxd4 1-0

[Event "FIDE World Rapid Team"]
[Site "London ENG"]
[Date "2025.06.13"]
[Round "12.49"]
[White "Kozak, Adam"]
[Black "Gurevich, Ilya"]
[Result "1-0"]
[WhiteElo "2577"]
[BlackElo "2586"]
[EventDate "2025.06.11"]

1. d4 Nf6 2. c4 g6 3. Nc3 d5 4. cxd5 Nxd5 5. e4 Nxc3 6. bxc3 Bg7 7. h3 c5
8. Nf3 O-O 9. Be2 b6 10. O-O Bb7 11. e5 Nc6 12. Bg5 h6 13. Bf4 e6 14. Qd2
Kh7 15. h4 cxd4 16. cxd4 Ne7 17. h5 g5 18. Be3 Kg8 19. Nh2 Nf5 20. Ng4 f6
21. Qb2 Nh4 22. exf6 Bxf6 23. f3 Nf5 24. Nxf6+ Qxf6 25. Bf2 Rad8 26. Rad1
Bd5 27. Qd2 Rd7 28. g4 Nd6 29. Bg3 Nf7 30. Qc2 Qg7 31. Rd2 Bb7 32. Qc3 Rfd8
33. Rfd1 Qf6 34. Qe3 a6 35. a4 Bc6 36. Be5 Nxe5 37. dxe5 Qf4 38. Qxf4 gxf4
39. Rxd7 Rxd7 40. Rd6 Rxd6 41. exd6 Kf7 42. Kf2 Bxa4 43. Bxa6 Bc6 44. Bd3
b5 45. Be4 Bxe4 46. fxe4 b4 47. g5 b3 48. g6+ Kf8 49. d7 Ke7 50. g7 1-0

[Event "FIDE World Rapid Team"]
[Site "London ENG"]
[Date "2025.06.13"]
[Round "12.50"]
[White "Norwood, David R"]
[Black "Kantor, Gergely"]
[Result "1/2-1/2"]
[WhiteElo "2494"]
[BlackElo "2545"]
[EventDate "2025.06.11"]

1. g3 e5 2. c4 Nc6 3. Bg2 Bc5 4. Nc3 a6 5. e3 d6 6. Nge2 Ba7 7. d4 h5 8. b3
h4 9. Bb2 Bf5 10. h3 hxg3 11. Nxg3 Bg6 12. Bxc6+ bxc6 13. dxe5 dxe5 14. Qf3
Qf6 15. Qg2 Rd8 16. Nce4 Qh4 17. Bxe5 Qe7 18. Bxg7 Rh4 19. Bc3 Rxe4 20.
Nxe4 Qxe4 21. Qxe4+ Bxe4 22. Rg1 Ke7 23. Rd1 Re8 24. Rg5 f6 25. Rg7+ Ke6
26. Rxc7 Bb8 27. Rb7 Ne7 28. Ke2 Rg8 29. f3 Rg2+ 30. Kf1 Bxf3 31. Rxb8 Nf5
32. Rd2 Nxe3+ 33. Ke1 Nc2+ 34. Kf1 Ne3+ 35. Ke1 Nc2+ 1/2-1/2

[Event "FIDE World Rapid Team"]
[Site "London ENG"]
[Date "2025.06.13"]
[Round "12.51"]
[White "Erdos, Viktor"]
[Black "Pert, Richard G"]
[Result "1/2-1/2"]
[WhiteElo "2525"]
[BlackElo "2447"]
[EventDate "2025.06.11"]

1. d4 d5 2. c4 e6 3. Nc3 c5 4. e3 Nf6 5. a3 a6 6. dxc5 Bxc5 7. Nf3 dxc4 8.
Qxd8+ Kxd8 9. Bxc4 b5 10. Bd3 Bb7 11. Ng5 Ke7 12. Nge4 Nbd7 13. Bd2 Rhd8
14. Ke2 Bb6 15. Nxf6 Nxf6 16. f3 Rd7 17. Rhd1 Rad8 18. Be1 Nd5 19. Nxd5+
1/2-1/2

[Event "FIDE World Rapid Team"]
[Site "London ENG"]
[Date "2025.06.13"]
[Round "12.52"]
[White "Sivanandan, Bodhana"]
[Black "Balogh, Csaba"]
[Result "0-1"]
[WhiteElo "2052"]
[BlackElo "2609"]
[EventDate "2025.06.11"]

1. e4 c5 2. Nf3 e6 3. g3 Nc6 4. Bg2 Nf6 5. Nc3 d6 6. d4 cxd4 7. Nxd4 Bd7 8.
O-O Be7 9. Re1 O-O 10. Nxc6 Bxc6 11. Bf4 Qb6 12. Rb1 Rfd8 13. Qe2 Rac8 14.
e5 dxe5 15. Bxe5 Bxg2 16. Kxg2 Nd7 17. Bf4 Bb4 18. Qf3 Nf8 19. a3 Be7 20.
Be3 Qa6 21. Qe2 Qc6+ 22. Qf3 a6 23. Re2 b5 24. Qxc6 Rxc6 25. Ne4 f5 26. Ng5
e5 27. Nf3 Bf6 28. c3 Ne6 29. Rd2 Rxd2 30. Bxd2 e4 31. Ne1 Rd6 32. Be3 g5
33. f4 gxf4 34. gxf4 Bg7 35. Kf2 Kf7 36. Ke2 Nc7 37. Nc2 Nd5 38. Rd1 Ke6
39. Nb4 Nc7 40. Rxd6+ Kxd6 41. Bb6 Ne6 42. Be3 a5 43. Nc2 Bh6 44. Nd4 Nxd4+
45. cxd4 Kd5 46. Kd2 Kc4 47. Kc2 a4 48. d5 Kxd5 49. Kc3 Bf8 50. Bd2 Bc5 51.
Bc1 Bf2 52. Kd2 Kc4 53. Ke2 Bd4 54. Kd2 Kb3 55. Kd1 Bxb2 56. Be3 Bxa3 57.
h3 Bb2 58. Bc5 a3 59. Bxa3 Bxa3 60. h4 Kc3 61. h5 b4 62. h6 b3 0-1

[Event "FIDE World Rapid Team"]
[Site "London ENG"]
[Date "2025.06.13"]
[Round "12.53"]
[White "Gaal, Zsoka"]
[Black "Pert, Max"]
[Result "1-0"]
[WhiteElo "2218"]
[BlackElo "1940"]
[EventDate "2025.06.11"]

1. Nf3 d5 2. g3 Nc6 3. d4 Bf5 4. Bg2 e6 5. O-O Nf6 6. c4 Ne4 7. Nc3 Be7 8.
Qb3 Nxc3 9. bxc3 Na5 10. Qa4+ c6 11. cxd5 exd5 12. Nd2 O-O 13. e4 dxe4 14.
Nxe4 b5 15. Qc2 Qd7 16. Bf4 Bh3 17. Bxh3 Qxh3 18. Nd2 Qd7 19. Rfe1 Rfe8 20.
Re4 Bd6 21. Bxd6 Qxd6 22. Rae1 Qd7 23. Qd3 Nb7 24. Nf3 Nd6 25. Ne5 Qe6 26.
Rh4 g6 27. Qd2 Nf5 28. Rhe4 Qd5 29. Ng4 Rxe4 30. Nf6+ Kg7 31. Nxd5 cxd5 32.
Rxe4 dxe4 33. Qf4 Re8 34. Qc7 a6 35. d5 Re7 36. Qc6 Re5 37. Qd7 h5 38. h4
e3 39. fxe3 Rxe3 40. Kf2 Rxc3 41. Qb7 Rc2+ 42. Ke1 Rxa2 43. Qc7 b4 44. Qe5+
Kg8 45. d6 Nxd6 46. Qxd6 a5 47. Qb8+ Kh7 48. Qe8 Kg7 49. Qe5+ Kg8 50. Qd5
Ra3 51. Kf2 Kg7 52. Qe5+ Kg8 53. Qf6 Kf8 54. Qd8+ Kg7 55. Qd6 Kg8 56. Ke2
Kg7 57. Kd2 Kg8 58. Kc2 Kg7 59. Kb2 Kg8 60. Qe5 Kf8 61. Qf4 Kg7 62. Qg5 Kh7
63. Qe5 Kg8 64. Qb8+ Kg7 65. Qf4 Kg8 66. g4 hxg4 67. Qxg4 Kh7 68. Qg5 Kh8
69. Qf4 Kg7 70. Qe5+ Kg8 71. Qf6 Kf8 72. Qh8+ Ke7 73. Qb8 Kf6 74. Qh8+ Ke7
75. Qg7 Ke8 76. h5 gxh5 77. Qe5+ Kf8 78. Qxh5 Ke7 79. Qe5+ Kf8 80. Qf6 Ke8
81. Qd6 f6 82. Qxf6 Kd7 83. Qb6 Ke7 84. Qc6 Kf7 85. Qd6 Kg7 86. Qe6 Kh7 87.
Qf6 Kg8 88. Qe7 Kh8 89. Qf7 Rc3 90. Qh5+ Kg7 91. Qxa5 Rf3 92. Qg5+ Kf8 93.
Qc5+ Kg7 94. Qxb4 Rf7 95. Qd6 Kh8 96. Kc3 Kg7 97. Kd4 Kh8 98. Ke5 Rg7 99.
Kf6 Kh7 100. Qh2+ Kg8 101. Qh5 Ra7 102. Qe8+ Kh7 103. Qe4+ Kg8 104. Qd5+
Kh7 105. Qd3+ Kh8 106. Qh3+ Kg8 107. Qc8+ Kh7 108. Qc2+ Kg8 109. Qb3+ Kh7
110. Qb1+ Kh8 111. Qb8+ 1-0

[Event "FIDE World Rapid Team"]
[Site "London ENG"]
[Date "2025.06.13"]
[Round "12.54"]
[White "Mortazavi, Sami"]
[Black "Marton-John, Almos Kiran"]
[Result "1/2-1/2"]
[WhiteElo "1714"]
[BlackElo "1909"]
[EventDate "2025.06.11"]

1. e4 e5 2. Nf3 Nc6 3. Nc3 Nf6 4. Nd5 Nxe4 5. d4 d6 6. Bb5 a6 7. Ba4 b5 8.
Bb3 Na5 9. Qe2 Nxb3 10. axb3 Nf6 11. Bg5 Be7 12. Nxe7 Qxe7 13. dxe5 dxe5
14. Qxe5 h6 15. Bxf6 gxf6 16. Qxe7+ Kxe7 17. O-O-O c5 18. Rhe1+ Be6 19. Nh4
Rhe8 20. Nf5+ Kf8 21. Nd6 Re7 22. Ne4 c4 23. bxc4 Bxc4 24. Nxf6 Rxe1 25.
Rxe1 Kg7 26. Ng4 Rc8 27. Re3 Be6 28. Ne5 Kf6 29. Nf3 Rd8 30. h3 Rd5 31. g4
Kg7 32. Ne5 Kf6 33. f4 Rd4 34. Nd3 Bc4 35. f5 h5 36. Ne5 hxg4 37. hxg4 Rf4
38. b3 Bd5 39. Kd2 Re4 40. Rxe4 1/2-1/2

[Event "FIDE World Rapid Team"]
[Site "London ENG"]
[Date "2025.06.13"]
[Round "12.55"]
[White "Tan, Justin"]
[Black "Navara, David"]
[Result "0-1"]
[WhiteElo "2403"]
[BlackElo "2671"]
[EventDate "2025.06.11"]

1. d4 Nf6 2. c4 e6 3. Nc3 Bb4 4. f3 c5 5. d5 b5 6. e4 d6 7. Bd2 Bxc3 8.
Bxc3 b4 9. Bd2 Nh5 10. Ne2 exd5 11. exd5 O-O 12. Qc2 Qh4+ 13. Kd1 Re8 14.
g4 Qf2 15. Qd3 Nf6 16. Be1 Re3 17. Qxh7+ Kxh7 18. Bxf2 Rxf3 19. Bg3 Bxg4
20. Bg2 Re3 21. Re1 Nbd7 22. Kd2 Rxe2+ 23. Rxe2 Bxe2 24. Kxe2 Ne5 25. b3 a5
26. a3 Nfd7 27. Bh3 Re8 28. Kf1 a4 29. axb4 axb3 30. Bxd7 Nxd7 31. Rb1 Nb6
32. Rxb3 Nxc4 33. Kg1 Rb8 34. b5 f6 35. Kf2 Kg6 36. Ke2 Kf7 37. Kd3 Nb6 38.
Bxd6 c4+ 39. Kc3 Rd8 40. Bc5 cxb3 41. Bxb6 Rxd5 0-1

[Event "FIDE World Rapid Team"]
[Site "London ENG"]
[Date "2025.06.13"]
[Round "12.56"]
[White "Klimkowski, Jan"]
[Black "Balaji, Aaravamudhan"]
[Result "1/2-1/2"]
[WhiteElo "2416"]
[BlackElo "2278"]
[EventDate "2025.06.11"]

1. d4 d5 2. c4 e6 3. Nc3 Be7 4. cxd5 exd5 5. Bf4 c6 6. e3 Bd6 7. Bxd6 Qxd6
8. Bd3 Nf6 9. h3 O-O 10. Nge2 Re8 11. O-O Nbd7 12. Qc2 g6 13. Rae1 a5 14.
Ng3 Kg7 15. Nb1 b6 16. Nd2 Ba6 17. Bxa6 Rxa6 18. Rc1 c5 19. dxc5 bxc5 20.
Rfd1 Qe7 21. Nb1 Qe5 22. Nc3 d4 23. exd4 cxd4 24. Qd3 Rb6 25. Na4 Rd6 26.
Rc4 Qe6 27. Rxd4 Rxd4 28. Qxd4 Qxa2 29. Nb6 Nxb6 30. Qxb6 Re6 31. Qd4 a4
32. Rd3 Qb1+ 33. Kh2 Qe1 34. Ra3 Qe5 35. Rxa4 h5 36. Qxe5 Rxe5 37. Rd4 Rb5
38. Rd2 Rb3 39. f3 Kf8 40. Ne2 Rb4 41. g3 Ne8 42. h4 Nc7 43. Nf4 Na6 44.
Kg2 Nc5 45. Nd5 Rb3 46. Nc3 Ke7 47. Kf1 Nb7 48. Ke2 Nd6 49. Nd1 Nf5 50. Kf2
Nd6 51. Ne3 Ke6 52. Nc2 Nb5 53. Na1 Rb4 54. b3 Nc3 55. Nc2 Rb6 56. Rd3 Nd5
57. Rd2 Ke5 58. Nd4 Nc3 59. Rd3 Nd5 60. Ne2 Nb4 61. Re3+ Kd6 62. Nc3 Rc6
63. Ne4+ Kd5 64. Rc3 Rxc3 65. Nxc3+ Kd4 66. Nb5+ Kc5 67. Na3 Nd3+ 68. Ke3
Nc1 69. Nc4 Nxb3 70. Ne5 Kd5 71. Nxf7 Ke6 72. Ng5+ Kf5 73. Ne4 Na5 74. Kd4
Nc6+ 75. Kd5 Nb4+ 76. Kd6 Nd3 77. Ke7 Ne1 78. Nd6+ Ke5 79. Nf7+ Kf5 80.
Nh6+ Ke5 81. f4+ Ke4 82. Kf6 Kf3 83. Kxg6 Kxg3 84. f5 Kxh4 85. f6 Nf3 86.
Kf5 Ng5 87. Kf4 Ne6+ 88. Ke5 Ng5 89. Kf5 Nh7 90. f7 Kg3 91. Kg6 Nf8+ 92.
Kg7 Ne6+ 93. Kf6 Nf8 94. Nf5+ Kg4 95. Nd4 Nd7+ 96. Kg7 h4 97. Nc6 h3 98.
Ne5+ Nxe5 99. f8=Q h2 100. Qf1 Kg3 101. Kf6 Ng4+ 102. Kg5 Nf2 103. Qe1 h1=Q
104. Qxh1 Nxh1 1/2-1/2

[Event "FIDE World Rapid Team"]
[Site "London ENG"]
[Date "2025.06.13"]
[Round "12.57"]
[White "Haydon, David L"]
[Black "Seemann, Jakub"]
[Result "0-1"]
[WhiteElo "2292"]
[BlackElo "2392"]
[EventDate "2025.06.11"]

1. Nf3 Nf6 2. e3 d5 3. c4 e6 4. Nc3 b6 5. d4 Bb7 6. cxd5 exd5 7. Qc2 a6 8.
Be2 Bd6 9. Ne5 O-O 10. O-O c5 11. f4 cxd4 12. exd4 b5 13. Bf3 Nc6 14. Be3
Rc8 15. Qd3 Nb4 16. Qe2 Ne4 17. a3 Nxc3 18. bxc3 Nc6 19. Bxd5 Bxe5 20. Bxc6
Rxc6 21. dxe5 Rxc3 22. Rad1 Qc8 23. Bd4 Rc2 24. Rd2 Rxd2 25. Qxd2 Rd8 26.
f5 Qc6 27. Rf4 Qh6 28. h3 Qg5 29. Qf2 h5 30. Kh2 Rc8 31. h4 Qh6 32. e6 Rc2
33. e7 Bc6 34. Qxc2 0-1